00525nam a2200169Ia 4500003000900000008004100009040001600050080001500066100002400081245009900105260005100204300001600255490003100271650001400302650002700316650001200343IN-BaIIA211028s9999 xx 000 0 eng d cIIA Library a92:52bBAL aBalachandra Rao, S. 0aBhaskara - 1 and his astronomycRao, S. Balachandra  aTirupatibRashtriya Sanskrit Vidyapeethac2003 aviii, 100p. aSanskrit science series; 4 aAstronomy aBhaskara, Contribution aPhysics